| 000 | 01368nam a2200301 a 4500 | ||
|---|---|---|---|
| 001 | 76497 | ||
| 003 | BD-RjUL | ||
| 005 | 20211209082842.0 | ||
| 008 | 191211m19781970ii ||||| |||| 00| 0dben d | ||
| 020 | _c: IRs. 15.00 (V-2) | ||
| 020 | _c: IRs. 15.00 (V-6) | ||
| 035 | _a(BD-RjUL)76720 | ||
| 040 |
_aBD-RjUL _bben/eng _cBD-RjUL _dBD-RjUL |
||
| 041 | _aben | ||
| 082 |
_223 _a891.4408 _bISN V-1-7 1970-1978 |
||
| 100 | 1 | _4ইসলাম, কাজী নজরুল | |
| 245 | 1 | 0 |
_aনজরুল রচনা-সম্ভার / _cকাজী নজরুল ইসলাম ; আবদুল আজিজ আল্-আমান সম্পাদিত |
| 250 | _a২য় প্রকাশ | ||
| 264 |
_aকলকাতা: _bহরফ প্রকাশনী, _c১৯৭০-১৯৭৮ |
||
| 300 |
_a খণ্ড ; _c২২ সেমি. |
||
| 505 | 0 | _aখণ্ড ২ -- খণ্ড ৬ -- | |
| 600 |
_aইসলাম, কাজী নজরুল, _d১৮৯৯-১৯৭৬ _xরচনাবলী _9236357 |
||
| 600 |
_aIslam, Qazi Nazrul, _d1899-1976 _xCollected Works _9236358 |
||
| 650 |
_aবাংলা সাহিত্য _xরচনাবলী _9236359 |
||
| 650 |
_aBengali Literature _xCollected Works _9236360 |
||
| 700 |
_aআল্-আমান, আবদুল আজিজ, সম্পাদক _9236361 |
||
| 942 |
_2ddc _cBK |
||
| 999 |
_c76497 _d76497 |
||